000 00352 a2200133 4500
001 58021
020 _a9780849311710
082 _a662.26 ROY
090 _c35528
_d35528
100 _aGabriel D Roy
245 _aAdvances in Chemical Propulsion; Science To Technology
_cGabriel D Roy
260 _aNew York
_bCRC Press
_c2002
300 _axxiv 528 p
942 _aNUST-CAE
_k662.26 ROY
999 _c293094
_d293094